Który kraj Azji? - Statystyki

Ogólne statystyki
  • Ten quiz został rozwiązany 6 razy
  • Średni wynik to 12 z 15
Statystyki odpowiedzi
Który kraj Azji... Odpowiedź % Poprawnych
nie ma dostępu do morza? Afganistan | Armenia | Azerbejdżan | Bhutan | Kazachstan | Kirgistan | Laos | Mongolia | Nepal | Tadżykistan | Turkmenistan | Uzbekistan
100%
jest największym producentem ryżu? Chiny
100%
ma największą populacje? Indie
100%
ma najwięcej języków urzędowych? Indie
100%
zaczyna się na literę ,,I’’? Indie | Indonezja | Irak | Iran | Izrael
100%
ma najwyższy szczyt? Nepal | Chiny
100%
jest największy? Rosja
100%
jest monarchią? Arabia Saudyjska | Bhutan | Brunei | Jordania | Kambodża | Katar | Kuwejt | Malezja | Oman | Tajlandia | Zjednoczone Emiraty Arabskie | Bahrajn
75%
ma smoka na fladze? Bhutan
75%
ma najwięcej wysp? Indonezja
75%
organizował Igrzyska olimpijskie? Japonia | Korea Południowa | Chiny | Indonezja
75%
ma najmniejszą powierzchnię? Malediwy
75%
ma najwięcej muzułmanów? Indonezja
50%
ma największe PKB per capita? Katar
25%
był jedynym krajem niekolonizowanym przez Europejczyków? Tajlandia
25%
Nie znaleziono quizów pasujących do podanych kryteriów
Rozkład punktacji
Procent ludzi z każdym wynikiem
Percentyl według liczby udzielonych odpowiedzi
Twoja historia wyników
Nie rozwiązałeś tego quizu